00000000nas 2200000zi 4500
0019.945977
003CaOODSP
00520250108100949
006m     o  d f      
007cr cn|||||||||
008241209c20249999qucgr p o    f0###a0eng|d
022 |a2818-9272
040 |aCaOODSP|beng|erda|cCaOODSP
043 |an-cn---
0861 |aEn1-99E-PDF
222 0|aCanada's biennial transparency report under the Paris Agreement
24500|aCanada's ... biennial transparency report under the Paris Agreement.
264 1|aGatineau, QC : |bEnvironment and Climate Change Canada = Environnement et changement climatique Canada, |c[2024]-
310 |aBiennial
336 |atext|btxt|2rdacontent
337 |acomputer|bc|2rdamedia
338 |aonline resource|bcr|2rdacarrier
3621 |aBegan with: First report (2024).
500 |aIssued also in French under title: ... rapport biennal de transparence du Canada en vertu de l'Accord de Paris.
588 |aDescription based on: 2024.
588 |aLatest issue consulted: 2024.
63000|aUnited Nations Framework Convention on Climate Change |d(1992 May 9)
650 0|aClimatic changes|xGovernment policy|zCanada|vPeriodicals.
650 0|aGreenhouse gases|xGovernment policy|zCanada|vPeriodicals.
650 0|aEnvironmental law, International|vPeriodicals.
655 7|aPeriodicals|2lcgft
7101 |aCanada. |bEnvironment and Climate Change Canada, |eissuing body.
77508|t... rapport biennal de transparence du Canada en vertu de l'Accord de Paris.|w(CaOODSP)9.945978
986 |aEC24197